Yüklüyor......
Quality Assurance in Radiotherapy
| Yazar: | |
|---|---|
| Materyal Türü: | Printed Book |
| Baskı/Yayın Bilgisi: |
New Delhi
Jaypee
1988
|
| LEADER | 00431nam a22001337a 4500 | ||
|---|---|---|---|
| 082 | |a 615.842 WHO/Q | ||
| 100 | |a WHO | ||
| 245 | |a Quality Assurance in Radiotherapy |c WHO | ||
| 260 | |a New Delhi |b Jaypee |c 1988 | ||
| 300 | |a 52p. | ||
| 700 | |a WHO | ||
| 942 | |2 ddc |c BK |k 615.842 | ||
| 999 | |c 281536 |d 281536 | ||
| 952 | |0 0 |1 0 |4 0 |6 615_842000000000000_WHO_Q |7 0 |9 319274 |a SHS |b SHS |c ST1 |d 2011-05-04 |g 20.00 |i 953 |l 0 |o 615.842 WHO/Q |p SHS953 |r 2011-05-04 |w 2017-12-11 |y BK | ||